[Event "K41 Foraars EMT Gruppe A 2010"]
[Site "Valby"]
[Date "2010.03.09"]
[Round "1"]
[White "Skjoldager, Mikael"]
[Black "Nielsen, Michael"]
[Result "0-1"]
[WhiteElo "1896"]
[BlackElo "2054"]
[PlyCount "64"]
[EventDate "2010.??.??"]

1. e4 c6 2. d4 d5 3. Nc3 dxe4 4. Nxe4 Nf6 5. Nxf6+ gxf6 6. c3 Bf5 7. Nf3 e6 8.
g3 Be4 9. Bg2 f5 10. O-O Rg8 11. Ne5 Bxg2 12. Qh5 Qf6 13. Kxg2 Nd7 14. Bf4 Be7
15. Qf3 Rd8 16. Rad1 Qg7 17. Rfe1 Bg5 18. Nxd7 Rxd7 19. Be5 Qg6 20. c4 Be7 21.
d5 cxd5 22. cxd5 Qg4 23. Qc3 Bb4 24. Qc8+ Rd8 25. Qc7 Rd7 26. Qc8+ Rd8 27. Qxb7
Bxe1 28. Qc6+ Ke7 29. Qc5+ Ke8 30. Qc6+ Rd7 31. dxe6 Qxd1 32. Qc8+ Rd8 0-1

[Event "K41 Foraars EMT Gruppe A 2010"]
[Site "Valby"]
[Date "2010.03.09"]
[Round "1"]
[White "Kragh, Niels Kristian"]
[Black "Tandrup, Michael"]
[Result "1-0"]
[WhiteElo "2168"]
[BlackElo "1956"]
[PlyCount "65"]
[EventDate "2010.??.??"]

1. e4 g6 2. d4 Bg7 3. Nc3 d6 4. Be3 a6 5. h4 h5 6. Nh3 Bxh3 7. Rxh3 Nd7 8. Qd2
c5 9. O-O-O Ngf6 10. f3 Rc8 11. Kb1 cxd4 12. Bxd4 O-O 13. Rh1 b5 14. g4 hxg4
15. h5 gxh5 16. fxg4 b4 17. Nd5 e5 18. Be3 Nxd5 19. exd5 f5 20. gxf5 Nf6 21.
Bxa6 Ra8 22. Bc4 Qa5 23. Bh6 Rf7 24. Rdg1 Raa7 25. Rg6 Ne4 26. Qe3 b3 27. Qxe4
Qxa2+ 28. Kc1 Qa1+ 29. Kd2 Qxb2 30. Bxb3 Rac7 31. Rhg1 Qc3+ 32. Ke2 Qh3 33. f6
1-0

[Event "K41 Foraars EMT Gruppe A 2010"]
[Site "Valby"]
[Date "2010.03.09"]
[Round "1"]
[White "Jorgensen, Kasper Moller"]
[Black "Christensen, Esben"]
[Result "0-1"]
[WhiteElo "2020"]
[BlackElo "2059"]
[PlyCount "83"]
[EventDate "2010.??.??"]

1. e4 c5 2. Nf3 e6 3. d4 cxd4 4. Nxd4 Nf6 5. Nc3 Nc6 6. Ndb5 d6 7. Bf4 e5 8.
Bg5 a6 9. Na3 b5 10. Nd5 Be7 11. Bxf6 Bxf6 12. c3 Bg5 13. Nc2 O-O 14. h4 Bh6
15. Nce3 Bxe3 16. Nxe3 Be6 17. Be2 Ne7 18. Bg4 d5 19. Bxe6 fxe6 20. Qb3 Qd6 21.
O-O-O d4 22. f3 Rac8 23. Kb1 Nc6 24. cxd4 exd4 25. Rd3 Na5 26. Qd1 Rfd8 27. Nc2
e5 28. f4 Nc6 29. f5 Rc7 30. g4 Rdc8 31. Qd2 Na5 32. Qxa5 Rxc2 33. Rhd1 Qc6 34.
Qe1 Rg2 35. R3d2 Rxg4 36. Re2 d3 37. Red2 Rxe4 38. Qf2 Rc4 39. a3 Rc1+ 40. Rxc1
Qxc1+ 41. Ka2 Rc2 42. Qb6 0-1

[Event "K41 Foraars EMT Gruppe A 2010"]
[Site "Valby"]
[Date "2010.03.09"]
[Round "1"]
[White "Porte, Henrik"]
[Black "Nielsen, Leonard de Freitas"]
[Result "1-0"]
[WhiteElo "2088"]
[BlackElo "1929"]
[PlyCount "49"]
[EventDate "2010.??.??"]

1. d4 e6 2. c4 f5 3. Nc3 Nf6 4. Bg5 d5 5. cxd5 exd5 6. Bxf6 gxf6 7. e3 h5 8.
Qf3 c6 9. Bd3 Qd7 10. Nge2 h4 11. O-O-O Na6 12. g4 fxg4 13. Qxf6 Qg7 14. Bg6+
Kd7 15. Qxg7+ Bxg7 16. Bf5+ Kd6 17. Bxc8 Raxc8 18. Rdg1 Rcf8 19. Rxg4 Bh6 20.
f4 Re8 21. Kd2 Bf8 22. Ng1 Nc7 23. Nf3 Be7 24. Ne5 Ke6 25. f5+ 1-0

[Event "K41 Foraars EMT Gruppe A 2010"]
[Site "Valby"]
[Date "2010.03.16"]
[Round "2"]
[White "Skjoldager, Mikael"]
[Black "Kragh, Niels Kristian"]
[Result "0-1"]
[WhiteElo "1896"]
[BlackElo "2168"]
[PlyCount "44"]
[EventDate "2010.??.??"]

1. e4 c6 2. d4 d5 3. Nc3 dxe4 4. Nxe4 Nd7 5. Ng5 Ngf6 6. Bd3 e6 7. N1f3 Bd6 8.
Qe2 h6 9. Ne4 Nxe4 10. Qxe4 Qc7 11. O-O b6 12. Qg4 Bb7 13. Qxg7 O-O-O 14. Qxf7
c5 15. Bb5 cxd4 16. Qxe6 Kb8 17. Bxd7 Rxd7 18. Kh1 Rg7 19. Nh4 Be7 20. Ng6 Rhg8
21. Bf4 Bxg2+ 22. Kg1 Qxf4 0-1

[Event "K41 Foraars EMT Gruppe A 2010"]
[Site "Valby"]
[Date "2010.03.16"]
[Round "2"]
[White "Nielsen, Michael"]
[Black "Nielsen, Leonard de Freitas"]
[Result "1-0"]
[WhiteElo "2054"]
[BlackElo "1929"]
[PlyCount "119"]
[EventDate "2010.??.??"]

1. e4 e5 2. Bc4 Nf6 3. Nc3 Nc6 4. d3 Na5 5. Bg5 Nxc4 6. dxc4 Be7 7. Nf3 d6 8.
Qd3 Be6 9. O-O-O h6 10. Bxf6 Bxf6 11. c5 dxc5 12. Qb5+ Bd7 13. Qxc5 b6 14. Qd5
c6 15. Qd6 Qe7 16. Qc7 Qd8 17. Qb7 Rc8 18. Qxa7 Qc7 19. Qxc7 Rxc7 20. Na4 Rb7
21. Rd3 Ke7 22. Rhd1 Be6 23. b3 Rhb8 24. Rd6 Rc8 25. Kb1 Ke8 26. R6d3 Rcc7 27.
h3 Rb8 28. Nh2 Be7 29. Ng4 f6 30. Ne3 g6 31. c4 b5 32. cxb5 Rxb5 33. Rc1 Rd7
34. Rdc3 Rd2 35. R1c2 Rxc2 36. Kxc2 Kd7 37. Nb2 f5 38. f3 Rb4 39. Nd3 Rb5 40.
a4 Ra5 41. Nc4 Bxc4 42. Rxc4 fxe4 43. Rxe4 Bd6 44. Rg4 g5 45. Rc4 c5 46. Nf2
Ke6 47. Ne4 Be7 48. Nf2 Bd6 49. Kd3 Be7 50. Re4 Bd6 51. Kc4 Ra7 52. Nd3 Rc7 53.
Re3 Rc8 54. g3 Rc7 55. f4 gxf4 56. gxf4 e4 57. Rxe4+ Kf5 58. Re8 Be7 59. a5 Rd7
60. Nxc5 1-0

[Event "K41 Foraars EMT Gruppe A 2010"]
[Site "Valby"]
[Date "2010.03.16"]
[Round "2"]
[White "Christensen, Esben"]
[Black "Porte, Henrik"]
[Result "1/2-1/2"]
[WhiteElo "2059"]
[BlackElo "2088"]
[PlyCount "130"]
[EventDate "2010.??.??"]

1. e4 c6 2. d4 d5 3. Nc3 dxe4 4. Nxe4 Bf5 5. Ng3 Bg6 6. h4 h6 7. h5 Bh7 8. Nf3
Nd7 9. Bd3 Bxd3 10. Qxd3 Ngf6 11. Bf4 e6 12. O-O-O Be7 13. Ne4 Nxe4 14. Qxe4
Nf6 15. Qe2 Qd5 16. Kb1 Qe4 17. Qxe4 Nxe4 18. Rhf1 O-O 19. Ne5 Rfd8 20. f3 Nf6
21. g4 c5 22. dxc5 Bxc5 23. c4 Rac8 24. Kc2 Bd4 25. Rd3 Rd5 26. Re1 Bxe5 27.
Bxe5 Rxc4+ 28. Rc3 Rxc3+ 29. Kxc3 Rc5+ 30. Kb4 Rc2 31. Bxf6 gxf6 32. Kb3 Rf2
33. Re3 Kg7 34. a4 f5 35. gxf5 exf5 36. Kc3 Kf6 37. b4 f4 38. Rd3 Ke6 39. a5
Re2 40. Kd4 Re5 41. Rc3 Rxh5 42. a6 Rd5+ 43. Ke4 bxa6 44. Kxf4 Rd6 45. Rc7 Rb6
46. Kg3 f5 47. Rxa7 Ke5 48. Re7+ Re6 49. Rh7 Rg6+ 50. Kf2 Kf4 51. Rc7 h5 52.
Rc4+ Kg5 53. Kg3 Kh6+ 54. Kh4 Rd6 55. Rf4 Kg6 56. Rc4 Re6 57. Rd4 Rc6 58. Kg3
Kg5 59. Rf4 Rc1 60. Rd4 h4+ 61. Kh3 Rc3 62. Kg2 h3+ 63. Kxh3 Rxf3+ 64. Kg2 Ra3
65. Rd5 Kg4 1/2-1/2

[Event "K41 Foraars EMT Gruppe A 2010"]
[Site "Valby"]
[Date "2010.03.16"]
[Round "2"]
[White "Tandrup, Michael"]
[Black "Jorgensen, Kasper Moller"]
[Result "1-0"]
[WhiteElo "1956"]
[BlackElo "2020"]
[PlyCount "71"]
[EventDate "2010.??.??"]

1. d4 Nf6 2. Nf3 e6 3. e3 c5 4. b3 b5 5. a4 b4 6. Bb2 Be7 7. Nbd2 O-O 8. Bd3
Ba6 9. Bxa6 Nxa6 10. Qe2 Qc8 11. Rc1 Nd5 12. O-O f5 13. Ne5 d6 14. Nd3 Bf6 15.
Nc4 Qc6 16. e4 fxe4 17. Qxe4 Rae8 18. dxc5 Nxc5 19. Nxc5 Qxc5 20. Bxf6 Rxf6 21.
Kh1 Nf4 22. Qe3 Qd5 23. f3 Qh5 24. Rcd1 e5 25. Rxd6 Rxd6 26. Nxd6 Re6 27. Ne4
Rh6 28. Qg1 Ne2 29. g4 Qf7 30. Qc5 Qe6 31. Rf2 Nf4 32. Ng5 Qc6 33. Qxe5 Rf6 34.
Ne4 Rf8 35. Rd2 Re8 36. Qxf4 1-0

[Event "K41 Foraars EMT Gruppe A 2010"]
[Site "Valby"]
[Date "2010.03.23"]
[Round "3"]
[White "Jorgensen, Kasper Moller"]
[Black "Skjoldager, Mikael"]
[Result "0-1"]
[WhiteElo "2020"]
[BlackElo "1896"]
[PlyCount "80"]
[EventDate "2010.??.??"]

1. e4 c5 2. Nf3 d6 3. Bb5+ Bd7 4. Bxd7+ Qxd7 5. O-O Nc6 6. c3 Nf6 7. Qe2 e6 8.
d4 cxd4 9. cxd4 Be7 10. Nc3 O-O 11. d5 exd5 12. exd5 Nb4 13. Rd1 Rfe8 14. a3
Na6 15. b4 Ng4 16. Qb5 Qc8 17. Bd2 Nc7 18. Qd3 Bf6 19. Rac1 Qd7 20. Ng5 Bxg5
21. Bxg5 Ne5 22. Qg3 a5 23. Ne4 f5 24. Nc5 dxc5 25. Bf4 axb4 26. axb4 Ra6 27.
Bxe5 Rg6 28. Qc3 Nxd5 29. Qa1 Rge6 30. f4 Qf7 31. Rxc5 Nxb4 32. Qb2 Nc6 33. Rb5
Nxe5 34. fxe5 b6 35. Re1 f4 36. Rxb6 Qa7 37. Rb1 Rb8 38. Qa2 Qxa2 39. Rxb8+ Kf7
40. R8b7+ Kg6 0-1

[Event "K41 Foraars EMT Gruppe A 2010"]
[Site "Valby"]
[Date "2010.03.23"]
[Round "3"]
[White "Kragh, Niels Kristian"]
[Black "Nielsen, Michael"]
[Result "1-0"]
[WhiteElo "2168"]
[BlackElo "2054"]
[PlyCount "57"]
[EventDate "2010.??.??"]

1. e4 e6 2. d4 d5 3. Nc3 dxe4 4. Nxe4 Nf6 5. Bg5 Be7 6. Bxf6 gxf6 7. c4 Nd7 8.
g3 Rb8 9. Ne2 b5 10. cxb5 Rxb5 11. Bg2 Bb7 12. O-O Qa8 13. N4c3 Rxb2 14. d5 Rb6
15. Nf4 e5 16. Nh5 Rg8 17. Be4 Rg6 18. Rc1 Nc5 19. Bf5 Bc8 20. Qf3 Rg5 21. Bxc8
Qxc8 22. d6 Rxd6 23. Nb5 Rb6 24. Rxc5 Bxc5 25. Nxf6+ Ke7 26. Nd5+ Kf8 27. Nxb6
axb6 28. Qf6 Rf5 29. Qh8+ 1-0

[Event "K41 Foraars EMT Gruppe A 2010"]
[Site "Valby"]
[Date "2010.03.23"]
[Round "3"]
[White "Porte, Henrik"]
[Black "Tandrup, Michael"]
[Result "1-0"]
[WhiteElo "2088"]
[BlackElo "1956"]
[PlyCount "96"]
[EventDate "2010.??.??"]

1. d4 Nf6 2. c4 g6 3. Nc3 d5 4. cxd5 Nxd5 5. e4 Nxc3 6. bxc3 Bg7 7. Bc4 c5 8.
Be3 Nc6 9. Ne2 cxd4 10. cxd4 O-O 11. O-O Na5 12. Bd3 b6 13. Rc1 Bb7 14. Qd2 Nc6
15. Bb5 Rc8 16. d5 Ne5 17. Rxc8 Qxc8 18. Rc1 Qg4 19. Qb4 Bxd5 20. Ng3 Bxa2 21.
Qxe7 Qe6 22. Qxa7 Bc4 23. Qa6 Bxb5 24. Qxb5 Rb8 25. h3 h5 26. Ne2 Qd7 27. Nd4
Qxb5 28. Nxb5 Bf8 29. Kf1 Nd7 30. Rc7 Nc5 31. f3 Ra8 32. Rc6 Ra1+ 33. Kf2 Ra2+
34. Kg3 h4+ 35. Kh2 Nd7 36. Bg5 Ne5 37. Rc3 Kg7 38. Bxh4 Bb4 39. Rb3 Bc5 40.
Nc3 Ra1 41. Nd5 Nd7 42. Be7 Bd4 43. Bd6 f6 44. Rb4 Bf2 45. Rc4 Nc5 46. e5 Rd1
47. Bxc5 Bxc5 48. Nxf6 Kf7 1-0

[Event "K41 Foraars EMT Gruppe A 2010"]
[Site "Valby"]
[Date "2010.03.23"]
[Round "3"]
[White "Nielsen, Leonard de Freitas"]
[Black "Christensen, Esben"]
[Result "1/2-1/2"]
[WhiteElo "1929"]
[BlackElo "2059"]
[PlyCount "155"]
[EventDate "2010.??.??"]

1. Nf3 Nf6 2. g3 g6 3. Bg2 Bg7 4. O-O O-O 5. c4 d6 6. Nc3 c5 7. d4 Nbd7 8. e3
Rb8 9. b3 a6 10. Qe2 b5 11. cxb5 axb5 12. Nxb5 Ba6 13. a4 Qa5 14. Bd2 Bxb5 15.
axb5 Qxb5 16. Qxb5 Rxb5 17. b4 cxb4 18. Rfb1 Rfb8 19. Rb3 e6 20. Rab1 Nd5 21.
Ne1 Rc8 22. Bxd5 Rxd5 23. Bxb4 e5 24. dxe5 dxe5 25. e4 Rd4 26. f3 h5 27. Bc3
Rdc4 28. Bd2 Bf8 29. Be3 Bc5 30. Bxc5 Nxc5 31. Rb8 Rxb8 32. Rxb8+ Kg7 33. Rc8
Rc3 34. Kf1 Nxe4 35. Re8 Nd2+ 36. Ke2 Nc4 37. h4 Kf6 38. Rd8 Ra3 39. Rd3 Ra2+
40. Kf1 Kf5 41. Rc3 Nd2+ 42. Kg1 e4 43. fxe4+ Nxe4 44. Rf3+ Ke6 45. Nd3 Ra7 46.
Nf4+ Ke5 47. Nd3+ Kd4 48. Nb4 Rb7 49. Nc2+ Ke5 50. Ne3 Rc7 51. Ng2 Rc3 52. Rxf7
Nxg3 53. Nf4 Rc6 54. Kg2 Nf5 55. Nd3+ Ke6 56. Rh7 Nxh4+ 57. Kh3 Rc3 58. Kxh4
Rxd3 59. Kg5 Rg3+ 60. Kh4 Rg4+ 61. Kh3 Kf6 62. Ra7 Rc4 63. Ra5 Rf4 64. Ra6+ Kg5
65. Kg3 Rf5 66. Ra4 Rb5 67. Rc4 Rb3+ 68. Kg2 h4 69. Rc5+ Kh6 70. Rc6 Kh5 71.
Rc4 g5 72. Rc5 Rb4 73. Rf5 Kg4 74. Ra5 h3+ 75. Kg1 Kh4 76. Ra8 Rb2 77. Kh1 h2
78. Ra2 1/2-1/2

[Event "K41 Foraars EMT Gruppe A 2010"]
[Site "Valby"]
[Date "2010.04.06"]
[Round "4"]
[White "Skjoldager, Mikael"]
[Black "Porte, Henrik"]
[Result "1/2-1/2"]
[WhiteElo "1896"]
[BlackElo "2088"]
[PlyCount "143"]
[EventDate "2010.??.??"]

1. e4 c6 2. d4 d5 3. Nc3 dxe4 4. Nxe4 Bf5 5. Ng3 Bg6 6. h4 h6 7. Nf3 Nd7 8. h5
Bh7 9. Bd3 Bxd3 10. Qxd3 Ngf6 11. Bf4 e6 12. O-O-O Be7 13. Kb1 O-O 14. Ne4 Nxe4
15. Qxe4 Nf6 16. Qe2 Qd5 17. Ne5 Qe4 18. Qxe4 Nxe4 19. Rhe1 Nf6 20. g4 Rfd8 21.
Be3 Bd6 22. f3 Nd5 23. Bc1 Bc7 24. c4 Nb6 25. b3 Nd7 26. Nd3 a5 27. a4 b5 28.
Rg1 bxc4 29. bxc4 f6 30. Bf4 Rdb8+ 31. Kc2 Bxf4 32. Nxf4 Rb4 33. Nxe6 Rxc4+ 34.
Kd3 Rxa4 35. Rb1 Kf7 36. Rge1 Re8 37. Rb7 Rxe6 38. Rxd7+ Ke8 39. Rxe6+ Kxd7 40.
Re1 Ra3+ 41. Ke4 Rb3 42. Ra1 Rb5 43. f4 Kc7 44. Kd3 Kb6 45. Kc3 Rb4 46. Re1 Ka6
47. Re7 Rb7 48. Re8 Kb5 49. g5 hxg5 50. fxg5 fxg5 51. Re5+ Ka6 52. Rxg5 a4 53.
Rg6 Kb5 54. h6 gxh6 55. Rxh6 a3 56. Kb3 Ra7 57. Rh5+ Kb6 58. Ka2 Ra4 59. Rg5
Rxd4 60. Kxa3 Rd3+ 61. Kb2 Rh3 62. Kc2 c5 63. Rg6+ Kb5 64. Rg8 Kb4 65. Rb8+ Kc4
66. Rg8 Rh2+ 67. Kc1 Kb4 68. Rg4+ c4 69. Rg3 Ra2 70. Rh3 Rg2 71. Rf3 c3 72. Rf8
1/2-1/2

[Event "K41 Foraars EMT Gruppe A 2010"]
[Site "Valby"]
[Date "2010.04.06"]
[Round "4"]
[White "Kragh, Niels Kristian"]
[Black "Jorgensen, Kasper Moller"]
[Result "1/2-1/2"]
[WhiteElo "2168"]
[BlackElo "2020"]
[PlyCount "88"]
[EventDate "2010.??.??"]

1. e4 c5 2. Nf3 Nc6 3. Nc3 e5 4. Bc4 Be7 5. d3 d6 6. Nd2 Nf6 7. Nf1 Bg4 8. f3
Be6 9. Ne3 O-O 10. O-O Rb8 11. a4 a6 12. Bd2 Nb4 13. a5 d5 14. exd5 Nfxd5 15.
Ncxd5 Nxd5 16. Nxd5 Bxd5 17. Bxd5 Qxd5 18. Qe2 Qd4+ 19. Be3 Qxb2 20. Rfb1 Qc3
21. Ra4 c4 22. dxc4 e4 23. fxe4 Qe5 24. Ba7 Bc5+ 25. Bxc5 Qxc5+ 26. Kh1 Rfe8
27. Qf3 Qc6 28. Rab4 Rxe4 29. Rf1 Qe8 30. Rb6 Re1 31. h3 Qe7 32. Rxe1 Qxe1+ 33.
Kh2 Qxa5 34. Qf4 Rf8 35. Rxb7 h6 36. Qd6 Re8 37. c5 Qd8 38. Qf4 Qd5 39. Rb8 Rf8
40. Qc7 f6 41. c6 Rxb8 42. Qxb8+ Kh7 43. Qb6 Qe5+ 44. Kh1 Qe1+ 1/2-1/2

[Event "K41 Foraars EMT Gruppe A 2010"]
[Site "Valby"]
[Date "2010.04.06"]
[Round "4"]
[White "Tandrup, Michael"]
[Black "Nielsen, Leonard de Freitas"]
[Result "0-1"]
[WhiteElo "1956"]
[BlackElo "1929"]
[PlyCount "70"]
[EventDate "2010.??.??"]

1. d4 c5 2. e3 cxd4 3. exd4 Nf6 4. Nf3 g6 5. b3 Bg7 6. Bb2 O-O 7. Be2 Nc6 8.
O-O d5 9. Nbd2 a5 10. c4 a4 11. Ne5 a3 12. Bc3 Bf5 13. Nxc6 bxc6 14. Bf3 c5 15.
Re1 Ra7 16. Qe2 Ne4 17. Nxe4 dxe4 18. Bxe4 Bxe4 19. Qxe4 cxd4 20. Bb4 Re8 21.
Rad1 Qb6 22. Bd2 e5 23. b4 Qe6 24. Rc1 f5 25. Qb1 e4 26. b5 Be5 27. b6 Rb7 28.
c5 Qc6 29. Qb3+ Kg7 30. Qxa3 f4 31. Qb3 e3 32. fxe3 fxe3 33. Bb4 Rf8 34. Rf1
Rbf7 35. Qd3 Rf2 0-1

[Event "K41 Foraars EMT Gruppe A 2010"]
[Site "Valby"]
[Date "2010.04.06"]
[Round "4"]
[White "Nielsen, Michael"]
[Black "Christensen, Esben"]
[Result "1/2-1/2"]
[WhiteElo "2054"]
[BlackElo "2059"]
[PlyCount "75"]
[EventDate "2010.??.??"]

1. e4 c5 2. b4 cxb4 3. a3 e6 4. axb4 Bxb4 5. c3 Bf8 6. d4 d5 7. e5 Ne7 8. Na3
Bd7 9. Bd3 Qc7 10. Ne2 h5 11. O-O Bc6 12. c4 Na6 13. Nc3 Nc8 14. cxd5 exd5 15.
e6 fxe6 16. Bg6+ Kd8 17. Nab5 Qd7 18. Qe2 Nd6 19. Nxd6 Bxd6 20. f4 Qe7 21. Nb5
Bb4 22. Be3 Qf6 23. f5 Nc7 24. Nxc7 Kxc7 25. Bf4+ Bd6 26. Be5 Bxe5 27. dxe5 Qg5
28. h4 Qxh4 29. fxe6 Raf8 30. Qe3 d4 31. Qa3 Rxf1+ 32. Rxf1 Qg5 33. Qd6+ Kc8
34. Rf8+ Rxf8 35. Qxf8+ Kc7 36. Qd6+ Kc8 37. Qf8+ Kc7 38. Qd6+ 1/2-1/2

[Event "K41 Foraars EMT Gruppe A 2010"]
[Site "Valby"]
[Date "2010.04.13"]
[Round "5"]
[White "Nielsen, Leonard de Freitas"]
[Black "Skjoldager, Mikael"]
[Result "1-0"]
[WhiteElo "1929"]
[BlackElo "1896"]
[PlyCount "37"]
[EventDate "2010.??.??"]

1. e4 c5 2. Nf3 d6 3. c3 Nc6 4. d4 cxd4 5. cxd4 e6 6. Nc3 Nf6 7. Be2 d5 8. e5
Ne4 9. O-O Nxc3 10. bxc3 Be7 11. Bf4 O-O 12. Qd2 b6 13. Bd3 Bb7 14. Ng5 Bxg5
15. Bxg5 Qc8 16. Bf6 h6 17. Qf4 Ba6 18. Qg3 g5 19. Qh3 1-0

[Event "K41 Foraars EMT Gruppe A 2010"]
[Site "Valby"]
[Date "2010.04.13"]
[Round "5"]
[White "Porte, Henrik"]
[Black "Kragh, Niels Kristian"]
[Result "1-0"]
[WhiteElo "2088"]
[BlackElo "2168"]
[PlyCount "81"]
[EventDate "2010.??.??"]

1. c4 e5 2. Nc3 Nf6 3. e4 Bc5 4. g3 d6 5. h3 O-O 6. Bg2 Nc6 7. Nge2 a6 8. O-O
Nh5 9. d3 g6 10. Bh6 Ng7 11. Qd2 f5 12. Nd5 Rf7 13. Bg5 Qf8 14. b4 Ba7 15. exf5
Nxf5 16. Kh2 Be6 17. Rab1 Ncd4 18. Nxd4 Bxd4 19. Ne3 c6 20. a4 Qc8 21. b5 axb5
22. axb5 Qc7 23. Rb3 Ra1 24. Rxa1 Bxa1 25. Qa2 Nd4 26. Ra3 Nf3+ 27. Bxf3 Rxf3
28. Ra8+ Kg7 29. Qxa1 Rxf2+ 30. Kg1 Qf7 31. Bf4 Rxf4 32. gxf4 Qxf4 33. Ng2 Bxh3
34. Qf1 g5 35. Nxf4 Bxf1 36. Ne6+ Kf6 37. Kxf1 Kxe6 38. bxc6 bxc6 39. Rh8 d5
40. cxd5+ cxd5 41. Rxh7 1-0

[Event "K41 Foraars EMT Gruppe A 2010"]
[Site "Valby"]
[Date "2010.04.13"]
[Round "5"]
[White "Christensen, Esben"]
[Black "Tandrup, Michael"]
[Result "1-0"]
[WhiteElo "2059"]
[BlackElo "1956"]
[PlyCount "118"]
[EventDate "2010.??.??"]

1. e4 g6 2. d4 Bg7 3. Nc3 d6 4. Be3 a6 5. Qd2 b5 6. h4 h5 7. Nh3 Bb7 8. f3 Nd7
9. O-O-O c5 10. Kb1 Rc8 11. Ng5 Qa5 12. f4 b4 13. Ne2 Ngf6 14. Ng3 c4 15. c3
bxc3 16. Qxc3 Qxc3 17. bxc3 Bh6 18. d5 O-O 19. Bd4 Rb8 20. Kc2 Rfc8 21. Rb1 Rc7
22. Be2 Nc5 23. Bxc5 Rxc5 24. Rb4 a5 25. Rxc4 Rxc4 26. Bxc4 Rc8 27. Be2 e6 28.
Rb1 Ba8 29. dxe6 Bxg5 30. exf7+ Kxf7 31. fxg5 Nxe4 32. Nxe4 Bxe4+ 33. Bd3 Bxg2
34. Rb6 Bc6 35. Ra6 a4 36. Ra7+ Ke6 37. Rg7 Rf8 38. Rxg6+ Ke5 39. Rg7 Rf2+ 40.
Kb1 Bd5 41. Re7+ Be6 42. Bb5 d5 43. Bxa4 Kd6 44. Re8 Rf4 45. Bc2 Rf1+ 46. Kb2
Rf2 47. Kb3 d4+ 48. c4 Bxc4+ 49. Kxc4 Rxc2+ 50. Kxd4 Rxa2 51. Re4 Ra3 52. Rf4
Ra4+ 53. Ke3 Ra1 54. Ke4 Ke6 55. Rf6+ Ke7 56. Kf5 Rh1 57. Kg6 Rxh4 58. Kh6 Rh1
59. Rf2 h4 1-0

[Event "K41 Foraars EMT Gruppe A 2010"]
[Site "Valby"]
[Date "2010.04.13"]
[Round "5"]
[White "Jorgensen, Kasper Moller"]
[Black "Nielsen, Michael"]
[Result "0-1"]
[WhiteElo "2020"]
[BlackElo "2054"]
[PlyCount "80"]
[EventDate "2010.??.??"]

1. e4 c5 2. Nf3 Nc6 3. Bb5 g6 4. Bxc6 dxc6 5. d3 Bg7 6. h3 e5 7. Be3 Qd6 8. Qd2
Be6 9. Ng5 b6 10. Nxe6 Qxe6 11. a4 Nf6 12. Na3 O-O 13. g4 Ne8 14. Nc4 Rd8 15.
f3 Nd6 16. Nxd6 Rxd6 17. Qc3 f5 18. Qc4 Qxc4 19. dxc4 Rfd8 20. Rh2 Bf6 21. gxf5
Bh4+ 22. Ke2 gxf5 23. exf5 Kf7 24. Rg2 Bf6 25. a5 b5 26. Rgg1 a6 27. Ra3 bxc4
28. Ra4 Rb8 29. Bxc5 Rd5 30. Bb6 c3 31. bxc3 Bd8 32. c4 Rd7 33. c5 Kf6 34. Rh4
Kxf5 35. Rd1 Rxd1 36. Rxh7 Rd4 37. Ra7 Bg5 38. Rf7+ Ke6 39. Rc7 Kd5 40. Rg7 Bc1
0-1

[Event "K41 Foraars EMT Gruppe A 2010"]
[Site "Valby"]
[Date "2010.04.27"]
[Round "6"]
[White "Kragh, Niels Kristian"]
[Black "Nielsen, Leonard de Freitas"]
[Result "1-0"]
[WhiteElo "2168"]
[BlackElo "1929"]
[PlyCount "47"]
[EventDate "2010.??.??"]

1. e4 c5 2. Nf3 Nc6 3. d4 cxd4 4. Nxd4 Nf6 5. Nc3 g6 6. Nxc6 bxc6 7. e5 Nd5 8.
Nxd5 cxd5 9. Qxd5 Rb8 10. e6 f6 11. exd7+ Bxd7 12. Bc4 e6 13. Qe4 Bc5 14. O-O
Kf7 15. Bf4 Rb6 16. Rad1 Qe7 17. Rd3 Bc6 18. Qe2 Re8 19. b3 Qb7 20. Rfd1 Re7
21. Be3 Bxe3 22. Qxe3 Bxg2 23. Qh6 Bd5 24. Rxd5 1-0

[Event "K41 Foraars EMT Gruppe A 2010"]
[Site "Valby"]
[Date "2010.04.27"]
[Round "6"]
[White "Jorgensen, Kasper Moller"]
[Black "Porte, Henrik"]
[Result "0-1"]
[WhiteElo "2020"]
[BlackElo "2088"]
[PlyCount "102"]
[EventDate "2010.??.??"]

1. e4 c6 2. d4 d5 3. Nd2 dxe4 4. Nxe4 Bf5 5. Ng3 Bg6 6. Bc4 e6 7. N1e2 Nf6 8.
O-O Bd6 9. f4 Bf5 10. Nxf5 exf5 11. Re1 O-O 12. Ng3 g6 13. Qd3 Qd7 14. Bd2 Rd8
15. Rad1 Bf8 16. Qf3 b5 17. Bb3 Na6 18. Ba5 Re8 19. c3 c5 20. Re5 Ng4 21. Bd5
Nxe5 22. dxe5 Rab8 23. Bc6 Qe6 24. Bxe8 Qxe8 25. Qd5 c4 26. Qd7 Qxd7 27. Rxd7
Nc5 28. Rxa7 Nd3 29. Rd7 Nxb2 30. Rd8 Rxd8 31. Bxd8 Nd3 32. Ne2 b4 33. cxb4
Bxb4 34. a3 Bxa3 35. Ba5 Kf8 36. g3 Ke7 37. Kf1 f6 38. exf6+ Kxf6 39. Bc3+ Ke6
40. Ba1 Bb2 41. Bxb2 Nxb2 42. Nc3 Kd6 43. h3 Kc5 44. Ke2 Kb4 45. Nd5+ Kb3 46.
Kd2 Na4 47. Ne3 Nc5 48. g4 c3+ 49. Kd1 Nd3 50. gxf5 gxf5 51. h4 Nxf4 0-1

[Event "K41 Foraars EMT Gruppe A 2010"]
[Site "Valby"]
[Date "2010.04.27"]
[Round "6"]
[White "Nielsen, Michael"]
[Black "Tandrup, Michael"]
[Result "1-0"]
[WhiteElo "2054"]
[BlackElo "1956"]
[PlyCount "105"]
[EventDate "2010.??.??"]

1. d4 d5 2. c4 e6 3. Nc3 Nf6 4. Bf4 c6 5. e3 Nbd7 6. Nf3 Be7 7. cxd5 exd5 8.
Rc1 O-O 9. Bd3 Re8 10. O-O Nf8 11. Ne5 Ng6 12. Nxg6 hxg6 13. h3 Bd6 14. Bg5 Be7
15. Bf4 Bd6 16. Ne2 Nh5 17. Bxd6 Qxd6 18. a3 Bf5 19. b4 a6 20. Nc3 Bxd3 21.
Qxd3 Nf6 22. Na4 Ne4 23. Nc5 Qe7 24. Nxe4 Qxe4 25. Qxe4 Rxe4 26. Rc3 Kf8 27.
Rb1 Ke7 28. a4 Re6 29. b5 axb5 30. axb5 Ra7 31. bxc6 bxc6 32. g4 g5 33. Kg2 Kd6
34. Kg3 Ree7 35. Rb6 Rec7 36. f3 Ra4 37. h4 gxh4+ 38. Kxh4 Ra8 39. Kg5 Re8 40.
Kf4 Re6 41. g5 Re8 42. Rb2 Rh8 43. Kg4 Re7 44. Rbc2 Rc7 45. e4 g6 46. Rc5 Rhc8
47. Kf4 dxe4 48. fxe4 Kd7 49. d5 cxd5 50. Rxc7+ Rxc7 51. Rxc7+ Kxc7 52. exd5
Kd6 53. Ke4 1-0

[Event "K41 Foraars EMT Gruppe A 2010"]
[Site "Valby"]
[Date "2010.05.04"]
[Round "7"]
[White "Tandrup, Michael"]
[Black "Skjoldager, Mikael"]
[Result "0-1"]
[WhiteElo "1956"]
[BlackElo "1896"]
[PlyCount "66"]
[EventDate "2010.??.??"]

1. d4 Nf6 2. Nf3 g6 3. Nc3 d5 4. Bf4 Bg7 5. Qd2 O-O 6. Bh6 c5 7. Bxg7 Kxg7 8.
e3 Nc6 9. dxc5 e5 10. O-O-O Qa5 11. h4 Bg4 12. Be2 Bxf3 13. Bxf3 d4 14. Nb1 Nb4
15. Na3 e4 16. Be2 d3 17. cxd3 exd3 18. Bf3 Qxc5+ 19. Kb1 Rfd8 20. Rc1 Qe7 21.
h5 a5 22. hxg6 hxg6 23. e4 Rh8 24. Rxh8 Rxh8 25. Qc3 Qe6 26. b3 Rd8 27. g4 d2
28. Rd1 Rd3 29. Qb2 Rxf3 30. g5 Qxe4+ 31. Ka1 Nd3 32. gxf6+ Rxf6 33. Qc3 Nxf2
0-1

[Event "K41 Foraars EMT Gruppe A 2010"]
[Site "Valby"]
[Date "2010.05.04"]
[Round "7"]
[White "Nielsen, Leonard de Freitas"]
[Black "Jorgensen, Kasper Moller"]
[Result "0-1"]
[WhiteElo "1929"]
[BlackElo "2020"]
[PlyCount "90"]
[EventDate "2010.??.??"]

1. c4 e5 2. Nc3 d6 3. g3 f5 4. Bg2 Nf6 5. d3 Be7 6. e3 O-O 7. Nge2 c6 8. O-O
Be6 9. Rb1 d5 10. cxd5 cxd5 11. d4 e4 12. Nf4 Bf7 13. h4 Nc6 14. Bd2 Bd6 15.
Nh3 Bh5 16. Qb3 Na5 17. Qc2 Rc8 18. b4 Nc4 19. Rb3 a5 20. bxa5 Nxa5 21. Rfb1
Be2 22. Bf1 Bxf1 23. Kxf1 Nxb3 24. Qxb3 Bc7 25. Ng1 Ba5 26. Nge2 Rf7 27. Nf4
Bxc3 28. Bxc3 Qc7 29. Bb4 Qc4+ 30. Qxc4 Rxc4 31. Bc5 Rc2 32. a3 Rd7 33. Rb6 Ng4
34. Ne2 Nh2+ 35. Ke1 Nf3+ 36. Kf1 Nh2+ 37. Ke1 Ra2 38. Re6 Kf7 39. Rb6 Ra1+ 40.
Kd2 Rf1 41. Nc3 Rxf2+ 42. Kc1 Ng4 43. Nb5 Nxe3 44. Nd6+ Kg8 45. Nxb7 Rf1+ 0-1